000
002740000a22000970004500
100
1
_a
Higgs, Robert
245
1
0
_a
The welfare state : Promising protection in an age of anxiety
300
_a
Vol. 46, Num. 5 (Mayo, 1996), Páginas 260-266
773
0
_t
The Freeman
942
_c
ANA
999
_c
56282
_d
56282